000 00753nam a22002177i 4500
001 IT\ICCU\RAV\0134032
003 ItRI
005 20260115232257.0
008 910318s1980 it |||||| ||||| |||||c
015 _2IT
_a8011371
040 _bita
_cimportazione bologna sebina
041 7 _aita
_2ISO-639-2
082 _a791.43
_9CINEMATOGRAFO
_218
100 1 _aRondi, Gian Luigi
_0IT\ICCU\CFIV\113141
_4aut
245 1 3 _aIl cinema dei maestri :
_b58 grandi registi e un'attrice si raccontano /
_cGian Luigi Rondi.
260 _aMilano :
_bRusconi,
_c1980
300 _a455 p., [12] c. di tav. :
_bill. ;
_c22 cm
650 7 _aRegisti cinematografici
_xInterviste
790 1 _aRondi, Gianluigi
_3IT\ICCU\SBNV\004219
_zRondi, Gian Luigi
942 _2ddc
_cBK
_n0
999 _c19972
_d19972